00466nam a22001572 4500001001100000005001700011008004100028040001500069245010200084250001300186260003500199300001100234650003200245700002800277852000300305000000977820151217155844.0081127s xx 000 0 eng d aKABUcKABU10aUtenzi wa vita vya uhud :bthe epic of the battle of uhud /ccollected and compiled by Haji Chum. a1st ed. aNairobi :bE. A. L. B.,c1962. a97 p. 0aSwahili poetry.@00001521441 aChum, Haji.@00001615591